000 009170000a22002050004500
501 _aRústico
001 18693
020 _a0-310-25487-6
082 0 4 _aG 261.1 S82e
100 1 _aSweet, Leonard. (Editor)
245 1 0 _aThe church in emerging culture : five perspectives / Editado por Leonard Sweet , Andy Crouch , Michael Horton , Frederica Mathewes-Green , Brian D. McLaren , Erwin Raphael McManus
260 _aGrand Rapids, Michigan : Zondervan
300 _a263 páginas
505 0 0 _aEl posmodernismo -- La mega-iglesia -- La iglesia norteamericana -- Comunicación del mensaje de los evangelios en la cultura de hoy -- La persona de Cristo
650 1 4 _aEl cristianismo y la cultura \ Postmodernismo - Aspectos religiosos \ Cristianismo. Renovación de la Iglesia.
942 _cBK
999 _c45106
_d45106
336 _atexto
_btxt
_2rdacontent
337 _2rdamedia
_asin mediación
_bn
338 _2rdacarrier
_avolumen
_bnc